Andrew Shi

Thomas Jefferson A


Categories

History - Cross, Historiography, and Miscellaneous86001803877.7126
Other - Other Academic and General Knowledge82001403950.0048
History - American4200801430.6722
Science - Engineering and Miscellaneous4000603647.0024
Fine Arts - Music06006096104.6700
History - World0600606776.0000
Fine Arts - Miscellaneous2200507387.5000
Fine Arts - Architecture2200502776.5022
Science - Biology0400406887.5000
Current Events - World2000305959.0000
Fine Arts - Opera2000305959.0000
Fine Arts - Photography2000303232.0022
Geography - United States2000305252.0002
History - European2000303737.0022
Literature - British2000305050.0000
RMP - Christian Practice2000307373.0000
RMP - Greco-Roman Mythology2000307575.0000
Social Science - Other2000302727.0022
Social Science - Psychology0200209090.0000
Literature - European0200206161.0022
RMP - Buddhism020020120120.0000
Social Science - Economics0200206969.0000
Geography - World0200209292.0000
Science - Astronomy000000.0000
Fine Arts - Sculpture000000.0000
Science - Chemistry000000.0000

Buzzes

History - Americanincandescent lightbulb2014
History - AmericanWest Point2016
Fine Arts - Architectureoffice buildings2027
Social Science - Otherlighting2027
Fine Arts - PhotographyWinston Churchill2032
Science - Engineering and Miscellaneoustunnels2036
History - European2000s2037
History - Cross, Historiography, and Miscellaneouswheat2038
Other - Other Academic and General Knowledgegardens2039
Science - AstronomyGalileo Galilei039